Sports Quiz

Random Sports or NFL Quiz

Career rushers by uniform number Quiz Stats

 Plays Quiz not verified by Sporcle

Challenge
Share
Tweet
Embed
Score 0/30 Timer 07:00
0 Plays Today
Uniform Number Player % Correct
20Barry Sanders
97.7%
22Emmitt Smith
96.2%
34Walter Payton
90%
21LaDanian Tomlinson
85.4%
32Jim Brown
78.5%
36Jerome Bettis
73.1%
28Curtis Martin
72.3%
29Eric Dickerson
72.3%
44John Riggins
66.9%
33Tony Dorsett
65.4%
48Stephen Davis
63.1%
37Sean Alexander
60.8%
35John Henry Johnson
56.2%
46Pete Johnson
56.2%
30Ahman Green
50%
Uniform Number Player % Correct
26Clinton Portis
49.2%
31Jamal Lewis
49.2%
27Eddie George
48.5%
39Larry Csonka
40%
42Chris Warren
26.2%
38George Rogers
21.5%
24Lenny Moore
20.8%
25Dorsey Levens
13.8%
49Bobby Mitchell
10%
41Tom Matte
8.5%
43Mike Pruitt
8.5%
47Tyrone Wheatley
6.2%
23Paul Lowe
3.1%
40Ken Willard
3.1%
45Archie Griffin
2.3%

You're not logged in!

Compare scores with friends on all Sporcle quizzes.
Join for Free
OR
Log In

You Might Also Like...

Show Comments

Extras

Top Quizzes Today


Score Distribution

Your Account Isn't Verified!

In order to create a playlist on Sporcle, you need to verify the email address you used during registration. Go to your Sporcle Settings to finish the process.

Report this User

Report this user for behavior that violates our Community Guidelines.

Details: